000 00360nam a22001457a 4500
003 OSt
005 20231202093758.0
008 231202b |||||||| |||| 00| 0 eng d
040 _cIIMT UNIVERSITY
100 _aSWAMI, RAMSUKHDAS
245 _aSRIMADBHAGAWAD GEETA KA BHAKTIYOG
260 _aGORAKHPUR
_bGEETA PRESS
_cS.2040
300 _a439
942 _2ddc
_c09
999 _c57751
_d57751